państwa unii europejskiej z mapą - Statystyki

Ogólne statystyki
  • Ten quiz został rozwiązany 957 razy
  • Średni wynik to 23 z 27
Odpowiedzi na mapie
Odpowiedzi zakodowano w zielono-czerwonej skali na mapie do tego quizu, zgodnie z poniższymi procentami.
 
Statystyki odpowiedzi
odpowiedź % Poprawnych
Polska
98%
Niemcy
97%
Francja
95%
Hiszpania
94%
Włochy
93%
Portugalia
91%
Czechy
90%
Litwa
89%
Lotwa
89%
Słowacja
89%
Szwecja
89%
Belgia
87%
Estonia
87%
Finlandia
85%
Holandia
85%
Austria
84%
Grecja
82%
Irlandia
82%
Rumunia
82%
Chorwacja
81%
Dania
81%
Słowenia
80%
Wegry
80%
Luksemburg
77%
Bułgaria
76%
Malta
72%
Cypr
64%
Nie znaleziono quizów pasujących do podanych kryteriów
Rozkład punktacji
Procent ludzi z każdym wynikiem
Percentyl według liczby udzielonych odpowiedzi
Twoja historia wyników
Nie rozwiązałeś tego quizu